书目信息 |
| 题名: |
家庭医生指南1001问
|
|
| 作者: | ;健康生活1001系列编委会 编 | |
| 分册: | ||
| 出版信息: | 重庆 重庆出版社 2007.01 |
|
| 页数: | 255页 | |
| 开本: | 24cm | |
| 丛书名: | 健康生活1001 | |
| 单 册: | ||
| 中图分类: | R161-44 | |
| 科图分类: | ||
| 主题词: | 家庭保健--jia ting bao jian--问答 | |
| 电子资源: | ||
| ISBN: | 7-5366-8289-1 | |
| 000 | 00949nam 2200241 450 | |
| 001 | 012007585575 | |
| 005 | 20070930111434.03 | |
| 010 | @a7-5366-8289-1@dCNY29.90 | |
| 100 | @a20070808d2007 km y0chiy0120 ea | |
| 101 | 0 | @achi |
| 102 | @aCN@b500000 | |
| 105 | @aac z 000yy | |
| 200 | 1 | @a家庭医生指南1001问@Ajia ting yi sheng zhi nan 1001 wen@f《健康生活1001系列》编委会编@F《jian kang sheng huo 1001 xi lie》bian wei hui bian |
| 210 | @a重庆@c重庆出版社@d2007.01 | |
| 215 | @a255页@c图, 肖像@d24cm | |
| 225 | 2 | @a健康生活1001@Ajian kang sheng huo 1001 |
| 330 | @a本书解决家庭生活中最常见的医疗保健疑问,内容包括:常见病的疗养和护理、科学用药、家庭急救知识、怎样及早发现疾病信号、如何保健养生。 | |
| 410 | 0 | @12001 @a健康生活1001 |
| 606 | 0 | @a家庭保健@Ajia ting bao jian@j问答 |
| 690 | @aR161-44@v4 | |
| 711 | 02 | @a健康生活1001系列编委会@Ajian kang sheng huo 1001 xi lie bian wei hui@4编 |
| 801 | 0 | @aCN@c20070930 |
| 905 | @dR161-44@eJ287 | |
| 家庭医生指南1001问/《健康生活1001系列》编委会编.-重庆:重庆出版社,2007.01 |
| 255页:图, 肖像;24cm.-(健康生活1001) |
| ISBN 7-5366-8289-1:CNY29.90 |
| 本书解决家庭生活中最常见的医疗保健疑问,内容包括:常见病的疗养和护理、科学用药、家庭急救知识、怎样及早发现疾病信号、如何保健养生。 |
| ● |
| 相关链接 |
|
|
|
正题名:家庭医生指南1001问
索取号:R161-44/J287
 
预约/预借
| 序号 | 登录号 | 条形码 | 馆藏地/架位号 | 状态 | 备注 |
| 1 | 256812 | 202568122 | 自科库401/401自科库 5排2列3层/ [索取号:R161-44/J287] | 在馆 | |
| 2 | 256813 | 202568131 | 自科库401/ [索取号:R161-44/J287] | 在馆 | |
| 3 | 256814 | 202568140 | 自科库401/ [索取号:R161-44/J287] | 在馆 |